NFL DRAFT 2023-2024 - Statistics

General Stats
  • This quiz has been taken 33 times
  • The average score is 16 of 32
Answer Stats
Hint Answer % Correct
RD 1 PICK 1 Caleb Williams
100%
RD 1 PICK 3 Drake Maye
92%
RD 1 PICK 2 Jayden Daniels
92%
RD 1 PICK 10 J.J. McCarthy
83%
RD 1 PICK 4 Marvin Harrison Jr
79%
RD 1 PICK 12 Bo Nix
75%
RD 1 PICK 28 Xavier Worthy
71%
RD 1 PICK 5 Joe Alt
67%
RD 1 PICK 8 Michael Penix
67%
RD 1 PICK 7 JC Latham
58%
RD 1 PICK 6 Malik Nabers
58%
RD 1 PICK 32 Xavier Legette
58%
RD 1 PICK 17 Dallas Turner
54%
RD 1 PICK 9 Rome Odunze
54%
RD 1 PICK 23 Brian Thomas
46%
RD 1 PICK 13 Brock Bowers
46%
RD 1 PICK 11 Olu Fashanu
42%
RD 1 PICK 22 Quinyon Mitchell
42%
RD 1 PICK 31 Ricky Pearsall
42%
RD 1 PICK 24 Terrion Arnold
42%
RD 1 PICK 15 Laiatu Latu
38%
RD 1 PICK 29 Tyler Guyton
38%
RD 1 PICK 19 Jared Verse
33%
RD 1 PICK 30 Nate Wiggins
33%
RD 1 PICK 14 Taliese Fuaga
33%
RD 1 PICK 18 Amarius Mims
25%
RD 1 PICK 21 Chop Robinson
25%
RD 1 PICK 27 Darius Robinson
25%
RD 1 PICK 26 Graham Barton
25%
RD 1 PICK 25 Jordan Morgan
25%
RD 1 PICK 20 Troy Fautanu
25%
RD 1 PICK 16 Byron Murphy
21%
No matching quizzes found
Score Distribution
Percent of People with Each Score
Percentile by Number Answered
Your Score History
You have not taken this quiz